| 000 | 00623nam a22002057a 4500 | ||
|---|---|---|---|
| 001 | 1907391 | ||
| 005 | 20131029105308.0 | ||
| 008 | 750521s1966 gw 000 0 ger d | ||
| 041 | 0 | _ager | |
| 080 |
_a308 _x(436) |
||
| 100 | 1 |
_aSiegler, Heinrich, _d1899- |
|
| 245 | 1 | 0 |
_aÖsterreichs : _cHeinrich Siegler |
| 260 |
_aWien : _bSiegler ; _c1967 |
||
| 300 |
_a287 p. : _c24 cm. |
||
| 500 | _aEinleitung : f. 1-2 | ||
| 650 |
_aPolitika dhe qeverisja _zAustria |
||
| 651 | 0 |
_aAustria _xPolitika dhe qeverisja _y1945- |
|
| 651 | 0 |
_aAustria _xKushtet ekonomike _y1945- |
|
| 942 |
_2udc _cBK |
||
| 999 |
_c209 _d209 |
||